Ładuje się......
Bharathiya sahitya mein dalit ave stri lekhan/
| 1. autor: | |
|---|---|
| Format: | Printed Book |
| Wydane: |
Delhi:
Saransh Prakashan Pvt Ltd,
2001.
|
| LEADER | 00386nam a22001097a 4500 | ||
|---|---|---|---|
| 100 | |a Chaman Lal | ||
| 245 | |a Bharathiya sahitya mein dalit ave stri lekhan/ |c Chaman Lal | ||
| 260 | |a Delhi: |b Saransh Prakashan Pvt Ltd, |c 2001. | ||
| 300 | |a 183p. | ||
| 942 | |2 ddc |c BK | ||
| 999 | |c 243747 |d 243747 | ||
| 952 | |0 0 |1 0 |4 0 |7 0 |9 270367 |a HIN |b HIN |c S-17 |d 2012-04-30 |i 18124 |l 1 |p HIN18124 |r 2012-07-28 |s 2012-07-24 |w 2012-04-30 |y BK | ||